00278nam a2200109Ia 4500008004100000082001800041100002500059245003300084260003500117300000800152650000800160240116s9999 xx 000 0 und d a340.59bWEL-T aWellman, Francis L.  4aThe Art of Cross Examination aPakistanbThe Macnwillanc2021 a322 aLaw